Los 10 barrios más poblados de Buenos Aires - Estadísticas

Estadísticas generales
  • Esta prueba ha sido intentada 522 veces
  • La puntuación promedio es 7 de 10
Estadísticas de respuestas
Población Barrio % Correcto
225.970 Palermo
97%
126.831 Belgrano
89%
157.932 Recoleta
85%
176.076 Caballito
83%
164.310 Flores
79%
131.699 Almagro
73%
138.926 Balvanera
66%
81.959 Villa Crespo
63%
126.374 Villa Lugano
58%
91.563 Villa Urquiza
53%
No se encontraron pruebas coincidentes
Distribución de puntuación
Porcentaje de gente con cada puntuación
Porcentaje por número respondido
Historial de tus puntuaciones
No has intentado esta prueba.